Introduction to Psychology for Nurses/ (Record no. 454)
[ view plain ]
| 000 -LEADER | |
|---|---|
| Fixed length control field | 00478nam a2200181Ia 4500 |
| 003 - CONTROL NUMBER IDENTIFIER | |
| Control field | IIN |
| 005 - DATE AND TIME OF LATEST TRANSACTION | |
| Control field | 20250507131328.0 |
| 008 - FIXED-LENGTH DATA ELEMENTS--GENERAL INFORMATION | |
| Fixed length control field | 231217s9999 xx 000 0 und d |
| 020 ## - INTERNATIONAL STANDARD BOOK NUMBER / ISBN | |
| Price | Rs.175.00 |
| International Standard Book Number | 9789382428213 |
| 040 ## - CATALOGING SOURCE | |
| Original cataloging agency | IIN |
| Language of cataloging | Eng |
| 082 ## - DEWEY DECIMAL CLASSIFICATION NUMBER | |
| Classification number | 150.2461073 |
| Book Number | KHA |
| 100 1# - MAIN ENTRY--PERSONAL NAME | |
| Personal name | Khan, F.B. |
| 245 1# - TITLE STATEMENT | |
| Title | Introduction to Psychology for Nurses/ |
| Statement of responsibility | F.B. Khan |
| 260 ## - IMPRINT | |
| Place of publication | Delhi |
| Name of publisher | Kumar Publishing House |
| Date of publication | 2012 |
| 300 ## - PHYSICAL DESCRIPTION | |
| Page / Vol. No | xvi, 207 p. |
| 650 1# - SUBJECT ADDED ENTRY--TOPICAL TERM | |
| Topical term | Psychology |
| Form subdivision | Nurses |
| 942 ## - ADDED ENTRY ELEMENTS (KOHA) | |
| Koha item type | Books |
| Withdrawn status | Lost status | Source of classification | Damaged status | Not for loan | Collection code | Home library | Current library | Shelving location | Date acquired | Price | Total Checkouts | Call number | Accession number | Date last seen | Copy number | Price effective from | Koha item type |
|---|---|---|---|---|---|---|---|---|---|---|---|---|---|---|---|---|---|
| Dewey Decimal Classification | IDEAL INSTITUTE OF NURSING | IDEAL INSTITUTE OF NURSING | General Stacks | 17/12/2023 | 175.00 | 150.2461073 KHA | 449 | 17/12/2023 | 1 | 17/12/2023 | Books | ||||||
| Dewey Decimal Classification | Purches Book | IDEAL INSTITUTE OF NURSING | IDEAL INSTITUTE OF NURSING | General Stacks | 11/03/2025 | 275.00 | 150.2461073 KHA | 2014 | 07/05/2025 | 2 | 07/05/2025 | Books |
